000 00431nam a22001337a 4500
082 _a344.0095491
100 _aKhan, Faraz Ahmed
245 _aManual of Labour Laws in Pakistan:
_b(with all Amendments and up to date Case Law) /
_cFaraz Ahmed Khan
260 _aLahore :
_bImran Law Book House,
_c2021.
300 _a2268 p. ;
_c24 cm.
942 _2ddc
_cBK
999 _c587241
_d587241